Score 0/9 Timer 01:30
6 Plays Today
President % Correct
John Quincy Adams
90.9%
John Adams
90.9%
Barack Obama
88%
Donald Trump
81.4%
Richard Nixon
79.9%
Joe Biden
79.4%
Ulysses S. Grant
68%
John Tyler
62.3%
Rutherford B. Hayes
49.4%
Remove Ads.
Support Sporcle.
Get the best of Sporcle when you Go Orange. This ad-free experience offers more features, more stats, and more fun while also helping to support Sporcle. Thank you for becoming a member.

You're not logged in!

Compare scores with friends on all Sporcle quizzes.
OR
Log In

Show Comments

Extras

Top Quizzes Today


Score Distribution

Your Account Isn't Verified!

In order to create a playlist on Sporcle, you need to verify the email address you used during registration. Go to your Sporcle Settings to finish the process.

Report this User

Report this user for behavior that violates our Community Guidelines.

Details: